National geographic en español (Registro nro. 20241)
[ vista simple ]
| 000 -CABECERA | |
|---|---|
| Campo de control | 00800nas a2200241 a 4500 |
| 005 - FECHA Y HORA DE LA ULTIMA TRANSACCION | |
| Campo de control | 20180621163211.0 |
| 008 - ELEMENTOS DE LONGITUD FIJA—INFORMACION GENERAL | |
| Campo de control | 180621s1997 us mu|p|r|||| 00| 0 spa d |
| 022 ## - ISSN | |
| ISSN | 1665-7764 |
| 040 ## - FUENTE DE CATALOGACIÓN | |
| Agencia catalogadora original | CO-BoIAVH |
| Agencia transcriptora | CO-BoIAVH |
| 041 0# - IDIOMA | |
| Código de idioma para texto/pista de sonido o título separado | Español |
| 044 ## - PAÍS DE PUBLICACIÓN | |
| País de publicación | Colombia |
| 090 ## - CLASIFICACIÓN LOCAL | |
| Colección | SE |
| 245 00 - MENCION DE TITULO | |
| Título | National geographic en español |
| 260 ## - PUBLICACION, DISTRIBUCION, ETC. (PIE DE IMPRENTA) | |
| Lugar de publicación, distribución, etc. | Miami (Estados Unidos) : |
| Nombre del editor, distribuidor, etc. | National Geographic Society, |
| Fecha de publicación, distribución, etc. | 1997-. |
| 300 ## - DESCRIPCION FISICA | |
| Otros detalles físicos | ilustraciones a color y fotografías a color ; |
| Dimensiones | 26 cm. |
| 310 ## - FRECUENCIA ACTUAL DE LA PUBLICACIÓN | |
| Frecuencia actual de la publicación | Mensual |
| 650 26 - ASIENTO SECUNDARIO DE MATERIA - TERMINO TEMATICO | |
| Término temático o nombre geográfico como elemento de entrada | Geografía |
| Subdivisión de forma | Publicaciones periódicas |
| 9 (RLIN) | 91611 |
| 650 26 - ASIENTO SECUNDARIO DE MATERIA - TERMINO TEMATICO | |
| Término temático o nombre geográfico como elemento de entrada | Ciencia |
| Subdivisión de forma | Publicaciones periódicas |
| 9 (RLIN) | 91612 |
| 650 26 - ASIENTO SECUNDARIO DE MATERIA - TERMINO TEMATICO | |
| Término temático o nombre geográfico como elemento de entrada | Viajes |
| Subdivisión de forma | Publicaciones periódicas |
| 9 (RLIN) | 91613 |
| 650 26 - ASIENTO SECUNDARIO DE MATERIA - TERMINO TEMATICO | |
| Término temático o nombre geográfico como elemento de entrada | Cultura |
| Subdivisión de forma | Publicaciones periódicas |
| 9 (RLIN) | 91614 |
| 710 2# - ASIENTO SECUNDARIO - NOMBRE CORPORATIVO | |
| Nombre corporativo o de jurisdicción como elemento de entrada | National Geographic Society (U.S.) |
| 9 (RLIN) | 39014 |
| 942 ## - ELEMENTOS ADICIONALES (KOHA) | |
| Sistema de clasificación | Local |
| Tipo de ítem | Periodica o revista |
| Serial record | 1 |
| Withdrawn status | Lost status | Sistema de Clasificación | Damaged status | No para préstamo | Colección | Fecha publicación (Año) | Volumen revista | Número revista | Ubicación Permanente | Ubicación actual | Fecha de adquisición | Datos de publicación Seriada | Total Checkouts | Número topográfico | Inventario / Código de Barras | Date last seen | Ejemplar | Price effective from | Forma de adquisición | Tipo de material |
|---|---|---|---|---|---|---|---|---|---|---|---|---|---|---|---|---|---|---|---|---|
| Local | Hemeroteca | 1998 | 2 | 5 | Bogotá | Bogotá | 21/06/2018 | Vol 2, No 5 | SE | 007916 | 21/06/2018 | Ej. 1 | 21/06/2018 | Donación | Periodica o revista | |||||
| Local | Hemeroteca | 1998 | 3 | 5 | Bogotá | Bogotá | 21/06/2018 | Vol 3, No 5 | SE | 007922 | 21/06/2018 | Ej. 1 | 21/06/2018 | Donación | Periodica o revista | |||||
| Local | Hemeroteca | 1999 | 4 | 2 | Bogotá | Bogotá | 21/06/2018 | Vol 4, No 2 | SE | 007926 | 21/06/2018 | Ej. 1 | 21/06/2018 | Donación | Periodica o revista | |||||
| Local | Hemeroteca | 2000 | 6 | 2 | Bogotá | Bogotá | 21/06/2018 | Vol 6, No 2 | SE | 007935 | 21/06/2018 | Ej. 1 | 21/06/2018 | Donación | Periodica o revista | |||||
| Local | Hemeroteca | 2001 | 8 | 4 | Bogotá | Bogotá | 21/06/2018 | Vol 8, No 4 | SE | 007938 | 21/06/2018 | Ej. 1 | 21/06/2018 | Donación | Periodica o revista | |||||
| Local | Hemeroteca | 1998 | 3 | 3 | Bogotá | Bogotá | 21/06/2018 | Vol 3, No 3 | SE | 007920 | 21/06/2018 | Ej. 1 | 21/06/2018 | Donación | Periodica o revista | |||||
| Local | Hemeroteca | 2001 | 8 | 2 | Bogotá | Bogotá | 21/06/2018 | Vol 8, No 2 | SE | 007936 | 21/06/2018 | Ej. 1 | 21/06/2018 | Donación | Periodica o revista | |||||
| Local | Hemeroteca | 1999 | 4 | 3 | Bogotá | Bogotá | 21/06/2018 | Vol 4, No 3 | SE | 007949 | 21/06/2018 | Ej. 1 | 21/06/2018 | Donación | Periodica o revista | |||||
| Local | Hemeroteca | 1999 | 4 | 5 | Bogotá | Bogotá | 21/06/2018 | Vol 4, No 5 | SE | 007928 | 21/06/2018 | Ej. 1 | 21/06/2018 | Donación | Periodica o revista | |||||
| Local | Hemeroteca | 1998 | 3 | 2 | Bogotá | Bogotá | 21/06/2018 | Vol 3, No 2 | SE | 007918 | 21/06/2018 | Ej. 1 | 21/06/2018 | Donación | Periodica o revista | |||||
| Local | Hemeroteca | 2000 | 6 | 1 | Bogotá | Bogotá | 21/06/2018 | Vol 6, No 1 | SE | 007934 | 21/06/2018 | Ej. 1 | 21/06/2018 | Donación | Periodica o revista | |||||
| Local | Hemeroteca | 1997 | 1 | 2 | Bogotá | Bogotá | 21/06/2018 | Vol 1, No 2 | SE | 007913 | 21/06/2018 | Ej. 1 | 21/06/2018 | Donación | Periodica o revista | |||||
| Local | Hemeroteca | 1999 | 5 | 2 | Bogotá | Bogotá | 21/06/2018 | Vol 5, No 2 | SE | 007931 | 21/06/2018 | Ej. 1 | 21/06/2018 | Donación | Periodica o revista | |||||
| Local | Hemeroteca | 1999 | 4 | 4 | Bogotá | Bogotá | 21/06/2018 | Vol 4, No 4 | SE | 007927 | 21/06/2018 | Ej. 1 | 21/06/2018 | Donación | Periodica o revista | |||||
| Local | Hemeroteca | 1998 | 3 | 4 | Bogotá | Bogotá | 21/06/2018 | Vol 3, No 4 | SE | 007921 | 21/06/2018 | Ej. 1 | 21/06/2018 | Donación | Periodica o revista | |||||
| Local | Hemeroteca | 1999 | 4 | 1 | Bogotá | Bogotá | 21/06/2018 | Vol 4, No 1 | SE | 007925 | 21/06/2018 | Ej. 1 | 21/06/2018 | Donación | Periodica o revista | |||||
| Local | Hemeroteca | 2001 | 8 | 5 | Bogotá | Bogotá | 27/06/2018 | Vol 8, No 5 | SE | 007939 | 21/06/2018 | Ej. 1 | 21/06/2018 | Donación | Periodica o revista | |||||
| Local | Hemeroteca | 2001 | 8 | 3 | Bogotá | Bogotá | 21/06/2018 | Vol 8, No 3 | SE | 007937 | 21/06/2018 | Ej. 1 | 21/06/2018 | Donación | Periodica o revista | |||||
| Local | Hemeroteca | 1999 | 5 | 5 | Bogotá | Bogotá | 21/06/2018 | Vol 5, No 5 | SE | 007933 | 21/06/2018 | Ej. 1 | 21/06/2018 | Donación | Periodica o revista | |||||
| Local | Hemeroteca | 1998 | 3 | 1 | Bogotá | Bogotá | 21/06/2018 | Vol 3, No 1 | SE | 007917 | 21/06/2018 | Ej. 1 | 21/06/2018 | Donación | Periodica o revista | |||||
| Local | Hemeroteca | 1999 | 5 | 3 | Bogotá | Bogotá | 21/06/2018 | Vol 5, No 3 | SE | 007932 | 21/06/2018 | Ej. 1 | 21/06/2018 | Donación | Periodica o revista | |||||
| Local | Hemeroteca | 1999 | 5 | 1 | Bogotá | Bogotá | 21/06/2018 | Vol 5, No 1 | SE | 007930 | 21/06/2018 | Ej. 1 | 21/06/2018 | Donación | Periodica o revista | |||||
| Local | Hemeroteca | 1999 | 4 | 6 | Bogotá | Bogotá | 21/06/2018 | Vol 4, No 6 | SE | 007929 | 21/06/2018 | Ej. 1 | 21/06/2018 | Donación | Periodica o revista | |||||
| Local | Hemeroteca | 1998 | 3 | 6 | Bogotá | Bogotá | 21/06/2018 | Vol 3, No 6 | SE | 007924 | 21/06/2018 | Ej. 1 | 21/06/2018 | Donación | Periodica o revista | |||||
| Local | Hemeroteca | 1999 | 5 | 4 | Bogotá | Bogotá | 21/06/2018 | Vol 5, No 4 | SE | 007950 | 21/06/2018 | Ej. 1 | 21/06/2018 | Donación | Periodica o revista | |||||
| Local | Hemeroteca | 1998 | 2 | 4 | Bogotá | Bogotá | 21/06/2018 | Vol 2, No 4 | SE | 007914 | 21/06/2018 | Ej. 1 | 21/06/2018 | Donación | Periodica o revista | |||||
| Local | Hemeroteca | 2004 | 14 | 1 | Bogotá | Bogotá | 27/06/2018 | Vol 14, No 1 | SE | 016636 | 27/06/2018 | Ej. 1 | 27/06/2018 | Donación | Periodica o revista | |||||
| Local | Hemeroteca | 2003 | 12 | 1 | Bogotá | Bogotá | 27/06/2018 | Vol 12, No 1 | SE | 023860 | 27/06/2018 | Ej. 1 | 27/06/2018 | Donación | Periodica o revista | |||||
| Local | Hemeroteca | 2003 | 13 | 6 | Bogotá | Bogotá | 27/06/2018 | Vol 13, No 6 | SE | 015014 | 27/06/2018 | Ej. 1 | 27/06/2018 | Donación | Periodica o revista | |||||
| Local | Hemeroteca | 2004 | 14 | 5 | Bogotá | Bogotá | 27/06/2018 | Vol 14, No 5 | SE | 016637 | 27/06/2018 | Ej. 1 | 27/06/2018 | Donación | Periodica o revista | |||||
| Local | Hemeroteca | 2004 | 14 | 2 | Bogotá | Bogotá | 27/06/2018 | Vol 14, No 2 | SE | 015731 | 27/06/2018 | Ej. 1 | 27/06/2018 | Donación | Periodica o revista | |||||
| Local | Hemeroteca | 2003 | 12 | 6 | Bogotá | Bogotá | 27/06/2018 | Vol 12, No 6 | SE | 007959 | 27/06/2018 | Ej. 1 | 27/06/2018 | Donación | Periodica o revista | |||||
| Local | Hemeroteca | 2002 | 10 | 3 | Bogotá | Bogotá | 27/06/2018 | Vol 10, No 3 | SE | 007951 | 27/06/2018 | Ej. 1 | 27/06/2018 | Donación | Periodica o revista | |||||
| Local | Hemeroteca | 2003 | 13 | 1 | Bogotá | Bogotá | 27/06/2018 | Vol 13, No 1 | SE | 007960 | 27/06/2018 | Ej. 1 | 27/06/2018 | Donación | Periodica o revista | |||||
| Local | Hemeroteca | 2014 | 34 | 1 | Bogotá | Bogotá | 27/06/2018 | Vol 34, No 1 | SE | 038331 | 27/06/2018 | Ej. 1 | 27/06/2018 | Donación | Periodica o revista | |||||
| Local | Hemeroteca | 2001 | 9 | 3 | Bogotá | Bogotá | 27/06/2018 | Vol 9, No 3 | SE | 007943 | 27/06/2018 | Ej. 1 | 27/06/2018 | Donación | Periodica o revista | |||||
| Local | Hemeroteca | 2001 | 9 | 1 | Bogotá | Bogotá | 27/06/2018 | Vol 9, No 1 | SE | 007941 | 27/06/2018 | Ej. 1 | 27/06/2018 | Donación | Periodica o revista | |||||
| Local | Hemeroteca | 2001 | 9 | 5 | Bogotá | Bogotá | 27/06/2018 | Vol 9, No 5 | SE | 007945 | 27/06/2018 | Ej. 1 | 27/06/2018 | Donación | Periodica o revista | |||||
| Local | Hemeroteca | 2003 | 13 | 3 | Bogotá | Bogotá | 27/06/2018 | Vol 13, No 3 | SE | 043226 | 27/06/2018 | Ej. 1 | 27/06/2018 | Donación | Periodica o revista | |||||
| Local | Hemeroteca | 2001 | 9 | 6 | Bogotá | Bogotá | 27/06/2018 | Vol 9, No 6 | SE | 007946 | 27/06/2018 | Ej. 1 | 27/06/2018 | Donación | Periodica o revista | |||||
| Local | Hemeroteca | 2003 | 13 | 5 | Bogotá | Bogotá | 27/06/2018 | Vol 13, No 5 | SE | 043227 | 27/06/2018 | Ej. 1 | 27/06/2018 | Donación | Periodica o revista | |||||
| Local | Hemeroteca | 2003 | 12 | 2 | Bogotá | Bogotá | 27/06/2018 | Vol 12, No 2 | SE | 007957 | 27/06/2018 | Ej. 1 | 27/06/2018 | Donación | Periodica o revista | |||||
| Local | Hemeroteca | 2002 | 11 | 6 | Bogotá | Bogotá | 27/06/2018 | Vol 11, No 6 | SE | 023859 | 27/06/2018 | Ej. 1 | 27/06/2018 | Donación | Periodica o revista | |||||
| Local | Hemeroteca | 2002 | 10 | 2 | Bogotá | Bogotá | 27/06/2018 | Vol 10, No 2 | SE | 007948 | 27/06/2018 | Ej. 1 | 27/06/2018 | Donación | Periodica o revista | |||||
| Local | Hemeroteca | 2002 | 10 | 1 | Bogotá | Bogotá | 27/06/2018 | Vol 10, No 1 | SE | 007947 | 27/06/2018 | Ej. 1 | 27/06/2018 | Donación | Periodica o revista | |||||
| Local | Hemeroteca | 2002 | 11 | 3 | Bogotá | Bogotá | 27/06/2018 | Vol 11, No 3 | SE | 007955 | 27/06/2018 | Ej. 1 | 27/06/2018 | Donación | Periodica o revista | |||||
| Local | Hemeroteca | 2012 | 31 | 4 | Bogotá | Bogotá | 27/06/2018 | Vol 31, No 4 | SE | 043224 | 27/06/2018 | Ej. 1 | 27/06/2018 | Donación | Periodica o revista | |||||
| Local | Hemeroteca | 2001 | 8 | 6 | Bogotá | Bogotá | 27/06/2018 | Vol 8, No 6 | SE | 007940 | 27/06/2018 | Ej. 1 | 27/06/2018 | Donación | Periodica o revista | |||||
| Local | Hemeroteca | 2002 | 11 | 2 | Bogotá | Bogotá | 27/06/2018 | Vol 11, No 2 | SE | 007954 | 27/06/2018 | Ej. 1 | 27/06/2018 | Donación | Periodica o revista | |||||
| Local | Hemeroteca | 2001 | 9 | 4 | Bogotá | Bogotá | 27/06/2018 | Vol 9, No 4 | SE | 007944 | 27/06/2018 | Ej. 1 | 27/06/2018 | Donación | Periodica o revista | |||||
| Local | Hemeroteca | 2003 | 12 | 5 | Bogotá | Bogotá | 27/06/2018 | Vol 12, No 5 | SE | 007958 | 27/06/2018 | Ej. 1 | 27/06/2018 | Donación | Periodica o revista | |||||
| Local | Hemeroteca | 2002 | 10 | 6 | Bogotá | Bogotá | 27/06/2018 | Vol 10, No 6 | SE | 007953 | 27/06/2018 | Ej. 1 | 27/06/2018 | Donación | Periodica o revista | |||||
| Local | Hemeroteca | 2001 | 9 | 2 | Bogotá | Bogotá | 27/06/2018 | Vol 9, No 2 | SE | 007942 | 27/06/2018 | Ej. 1 | 27/06/2018 | Donación | Periodica o revista | |||||
| Local | Hemeroteca | 2002 | 11 | 4 | Bogotá | Bogotá | 27/06/2018 | Vol 11, No 4 | SE | 007956 | 27/06/2018 | Ej. 1 | 27/06/2018 | Donación | Periodica o revista | |||||
| Local | Hemeroteca | 2012 | 31 | 6 | Bogotá | Bogotá | 27/06/2018 | Vol 31, No 6 | SE | 043222 | 27/06/2018 | Ej. 1 | 27/06/2018 | Donación | Periodica o revista | |||||
| Local | Hemeroteca | 2003 | 12 | 4 | Bogotá | Bogotá | 27/06/2018 | Vol 12, No 4 | SE | 017963 | 27/06/2018 | Ej. 1 | 27/06/2018 | Donación | Periodica o revista | |||||
| Local | Hemeroteca | 2002 | 10 | 4 | Bogotá | Bogotá | 27/06/2018 | Vol 10, No 4 | SE | 007952 | 27/06/2018 | Ej. 1 | 27/06/2018 | Donación | Periodica o revista |